[Event "XXV ABIERTO INTERNACIONAL DE A"]
[Site "CAMBADOS"]
[Date "2009.08.04"]
[Round "4.7"]
[White "Milchev, Nikolay"]
[Black "Outeiro Padin, Heladio"]
[Result "1-0"]
[WhiteElo "2351"]
[BlackElo "1921"]
[PlyCount "43"]
[EventDate "2009.08.01"]

1. Nf3 b5 2. e4 Bb7 3. Bxb5 Bxe4 4. d4 Nf6 5. O-O e6 6. c4 Be7 7. Nc3 Bb7 8.
Ba4 O-O 9. Bc2 c5 10. d5 d6 11. dxe6 fxe6 12. Ng5 Qd7 13. Qd3 g6 14. Re1 e5 15.
Nxh7 Qg4 16. Nxf6+ Rxf6 17. Nd5 Kg7 18. f3 Qe6 19. Nxf6 Qxf6 20. Re4 Nd7 21.
Rg4 e4 22. Qe3 1-0

[Event "XXV ABIERTO INTERNACIONAL DE A"]
[Site "CAMBADOS"]
[Date "2009.08.04"]
[Round "4.8"]
[White "Ramos Fernandez, Pedro"]
[Black "Chesa Chavarria, Aurelio"]
[Result "1/2-1/2"]
[WhiteElo "2122"]
[BlackElo "1906"]
[PlyCount "38"]
[EventDate "2009.08.01"]

1. e4 c6 2. d4 d5 3. Nd2 dxe4 4. Nxe4 Bf5 5. Ng3 Bg6 6. Bc4 e6 7. N1e2 Nf6 8.
O-O Nbd7 9. Nf4 Bd6 10. c3 Nd5 11. Bxd5 cxd5 12. Re1 O-O 13. Nxg6 hxg6 14. Nf1
b5 15. Nd2 a6 16. Nf3 Qc7 17. Bd2 Rfb8 18. Rc1 Qb6 19. Ng5 Nf6 1/2-1/2

[Event "XXV ABIERTO INTERNACIONAL DE A"]
[Site "CAMBADOS"]
[Date "2009.08.04"]
[Round "4.9"]
[White "Campos Calvo-Sotelo, Javier"]
[Black "Prado Garcia, Alejandro"]
[Result "1-0"]
[WhiteElo "2046"]
[BlackElo "1886"]
[PlyCount "41"]
[EventDate "2009.08.01"]

1. d4 d5 2. c4 c6 3. Nf3 Nf6 4. g3 Bf5 5. Bg2 Bxb1 6. Rxb1 Qa5+ 7. Bd2 Qxa2 8.
b3 dxc4 9. bxc4 Qa6 10. O-O e6 11. Qb3 Qb6 12. Qxb6 axb6 13. Rxb6 Ra7 14. Rfb1
Be7 15. Rxb7 Rxb7 16. Rxb7 Nbd7 17. Ne5 Nxe5 18. dxe5 Ng8 19. Bxc6+ Kd8 20.
Ba5+ Kc8 21. Ra7 1-0

[Event "XXV ABIERTO INTERNACIONAL DE A"]
[Site "CAMBADOS"]
[Date "2009.08.04"]
[Round "4.10"]
[White "Gonzalez Roca, Pablo"]
[Black "Fernandez Rey, Jorge"]
[Result "1-0"]
[WhiteElo "1958"]
[BlackElo "1764"]
[PlyCount "37"]
[EventDate "2009.08.01"]

1. d4 d5 2. c4 c6 3. Nc3 Nf6 4. Nf3 a6 5. cxd5 cxd5 6. Bf4 Qb6 7. Qc2 Nc6 8. e3
Bg4 9. Ne5 Bh5 10. Bd3 Nb4 11. Qa4+ Nc6 12. O-O Rc8 13. Rfc1 e6 14. Ne2 Be7 15.
Nxc6 Bxe2 16. Nxe7+ Rc6 17. Nxc6 Bxd3 18. Ne7+ Kxe7 19. Qa3+ 1-0

[Event "XXV ABIERTO INTERNACIONAL DE A"]
[Site "CAMBADOS"]
[Date "2009.08.05"]
[Round "5.1"]
[White "Guerra Mendez, Jose A"]
[Black "Paredes Cordo, Jacobo"]
[Result "1-0"]
[WhiteElo "2408"]
[BlackElo "2241"]
[PlyCount "69"]
[EventDate "2009.08.01"]

1. e4 c5 2. Nf3 e6 3. d4 cxd4 4. Nxd4 Nc6 5. Nc3 Qc7 6. Be3 a6 7. Qd2 Nf6 8.
O-O-O Bb4 9. f3 Ne7 10. Nde2 d5 11. Bg5 dxe4 12. Bxf6 gxf6 13. Qd4 Bxc3 14.
Nxc3 Qf4+ 15. Kb1 Nc6 16. Qa4 f5 17. fxe4 fxe4 18. Bb5 O-O 19. Bxc6 bxc6 20.
Qxc6 Rb8 21. Qxe4 Rb4 22. Qe2 Rxb2+ 23. Kxb2 Qb4+ 24. Kc1 Qa3+ 25. Kd2 Rd8+ 26.
Ke3 Qxc3+ 27. Rd3 Qc5+ 28. Kd2 Qg5+ 29. Kd1 Rxd3+ 30. Qxd3 e5 31. Rf1 Qh5+ 32.
Kc1 Be6 33. Qd8+ Kg7 34. Qf6+ Kg8 35. Rd1 1-0

[Event "XXV ABIERTO INTERNACIONAL DE A"]
[Site "CAMBADOS"]
[Date "2009.08.05"]
[Round "5.2"]
[White "Fernandez Cardoso, Alexey"]
[Black "Gomez Garrido, Camilo"]
[Result "1/2-1/2"]
[WhiteElo "2419"]
[BlackElo "2461"]
[PlyCount "22"]
[EventDate "2009.08.01"]

1. c4 c6 2. Nf3 d5 3. d4 Nf6 4. cxd5 cxd5 5. Nc3 Nc6 6. Bf4 e6 7. e3 Bd6 8.
Bxd6 Qxd6 9. Bd3 O-O 10. O-O Bd7 11. Rc1 a6 1/2-1/2

[Event "XXV ABIERTO INTERNACIONAL DE A"]
[Site "CAMBADOS"]
[Date "2009.08.05"]
[Round "5.3"]
[White "Petkov, Vladimir"]
[Black "Sanchez Quiroga, Miguel A"]
[Result "1-0"]
[WhiteElo "2429"]
[BlackElo "2191"]
[PlyCount "53"]
[EventDate "2009.08.01"]

1. d4 d5 2. c4 c6 3. Nf3 Nf6 4. e3 Bf5 5. Nc3 e6 6. Nh4 Be4 7. f3 Bg6 8. Qb3
Qc7 9. Bd2 Be7 10. Nxg6 hxg6 11. O-O-O a6 12. cxd5 cxd5 13. Kb1 Nc6 14. Rc1 O-O
15. h4 Na5 16. Qd1 Nc4 17. h5 gxh5 18. g4 hxg4 19. fxg4 Qg3 20. Bxc4 dxc4 21.
Qe2 g5 22. Rcg1 Qc7 23. e4 Kg7 24. Bxg5 Rh8 25. Qf3 Kg6 26. Bf4 Qc6 27. Be5 1-0

[Event "XXV ABIERTO INTERNACIONAL DE A"]
[Site "CAMBADOS"]
[Date "2009.08.05"]
[Round "5.4"]
[White "Gomez Ledo, Roberto Carlos"]
[Black "Campos Calvo-Sotelo, Javier"]
[Result "1-0"]
[WhiteElo "2404"]
[BlackElo "2046"]
[PlyCount "55"]
[EventDate "2009.08.01"]

1. d4 Nf6 2. Bg5 c5 3. Bxf6 gxf6 4. d5 Qb6 5. Qc1 Bh6 6. e3 f5 7. g3 e5 8. Nf3
d6 9. Bh3 Qd8 10. Nc3 Na6 11. Nh4 f4 12. Bxc8 fxe3 13. fxe3 Rxc8 14. Nf5 Bg5
15. Ne4 Be7 16. O-O O-O 17. Nxe7+ Qxe7 18. Nf6+ Kg7 19. e4 h6 20. Nh5+ Kg6 21.
Rf6+ Qxf6 22. Nxf6 Kxf6 23. Qxh6+ Ke7 24. Rf1 c4 25. Rf6 Nc5 26. Qg5 Rce8 27.
Rh6+ Kd7 28. Qf6 1-0

[Event "XXV ABIERTO INTERNACIONAL DE A"]
[Site "CAMBADOS"]
[Date "2009.08.05"]
[Round "5.5"]
[White "Milchev, Nikolay"]
[Black "Pena Torres, Jose Carlos"]
[Result "1/2-1/2"]
[WhiteElo "2351"]
[BlackElo "2111"]
[PlyCount "85"]
[EventDate "2009.08.01"]

1. d4 Nf6 2. Nf3 e6 3. c4 Bb4+ 4. Nbd2 O-O 5. a3 Be7 6. b4 d5 7. c5 b6 8. e3
bxc5 9. bxc5 Ne4 10. Qc2 f5 11. Ne5 Bh4 12. g3 Bf6 13. Nd3 Ba6 14. f3 Nxd2 15.
Bxd2 Nd7 16. Kf2 Qe8 17. c6 Nb6 18. Bb4 Rf7 19. Ne5 Bxf1 20. Nxf7 Bb5 21. Qc5
Bxc6 22. Ne5 Bxe5 23. dxe5 Nc4 24. Qd4 a5 25. Bc5 Rb8 26. Rab1 Rb5 27. Rxb5
Bxb5 28. Rb1 a4 29. Bb4 Qh5 30. h4 h6 31. Be7 c6 32. Rf1 Qe8 33. Bd6 Qd8 34.
Bb4 Qb8 35. f4 h5 36. Rb1 Qe8 37. Qd1 Qg6 38. Bc5 Qf7 39. Kg2 Kh7 40. Kf2 Kh6
41. Kg2 Qg6 42. Kf2 Qf7 43. Kg2 1/2-1/2

[Event "XXV ABIERTO INTERNACIONAL DE A"]
[Site "CAMBADOS"]
[Date "2009.08.05"]
[Round "5.6"]
[White "Rodriguez Lopez, Rafael"]
[Black "Gonzalez Roca, Pablo"]
[Result "1-0"]
[WhiteElo "2304"]
[BlackElo "1958"]
[PlyCount "77"]
[EventDate "2009.08.01"]

1. Nf3 Nf6 2. d4 g6 3. Nbd2 d5 4. c4 c6 5. e3 Bg7 6. Bd3 O-O 7. O-O Re8 8. b3
Qa5 9. Bb2 Bg4 10. h3 Bxf3 11. Nxf3 Nbd7 12. a3 Rac8 13. b4 Qd8 14. Qc2 a6 15.
Rfc1 e6 16. c5 Ra8 17. a4 Qc7 18. Ra3 Reb8 19. Rca1 Ne8 20. b5 f6 21. b6 Qd8
22. e4 Nf8 23. Re1 Bh6 24. a5 Qd7 25. Bc1 Bxc1 26. Qxc1 Ng7 27. Ra2 Re8 28.
Rae2 Rad8 29. Qf4 Nh5 30. Qh2 Ng7 31. Bb1 Qf7 32. h4 Rd7 33. Kf1 Rdd8 34. Bd3
Rd7 35. exd5 exd5 36. Rxe8 Nxe8 37. Qb8 Ne6 38. Qc8 Re7 39. g3 1-0

[Event "XXV ABIERTO INTERNACIONAL DE A"]
[Site "CAMBADOS"]
[Date "2009.08.05"]
[Round "5.7"]
[White "Permuy Lorenzo, Carlos Javier"]
[Black "Salgado Gonzalez, Julio"]
[Result "1-0"]
[WhiteElo "2297"]
[BlackElo "1920"]
[PlyCount "54"]
[EventDate "2009.08.01"]

1. e4 Nc6 2. Nc3 e5 3. f4 exf4 4. Nf3 Bb4 5. Nd5 Nf6 6. Nxb4 Nxb4 7. e5 Qe7 8.
c3 Nc6 9. d4 d6 10. Bb5 Bd7 11. O-O dxe5 12. Bxc6 Bxc6 13. Nxe5 O-O 14. Bxf4
Qe6 15. c4 Be4 16. Qe2 Bg6 17. Rae1 Qa6 18. b3 Rfe8 19. Qb2 Rad8 20. Nxg6 hxg6
21. Bxc7 Rxe1 22. Rxe1 Re8 23. Rxe8+ Nxe8 24. Be5 Qe6 25. d5 Qg4 26. Qd2 f6 27.
d6 Nxd6 1-0

[Event "XXV ABIERTO INTERNACIONAL DE A"]
[Site "CAMBADOS"]
[Date "2009.08.05"]
[Round "5.8"]
[White "Montero Garcia, Fco Javier"]
[Black "Villar Nieves, Antonio"]
[Result "0-1"]
[WhiteElo "1912"]
[BlackElo "2200"]
[PlyCount "74"]
[EventDate "2009.08.01"]

1. e4 c5 2. Nf3 Nc6 3. d4 cxd4 4. Nxd4 Nf6 5. Nc3 e5 6. Ndb5 d6 7. Bg5 a6 8.
Na3 b5 9. Nd5 Be7 10. Bxf6 Bxf6 11. c4 b4 12. Nc2 a5 13. Be2 Bg5 14. b3 O-O 15.
O-O Kh8 16. Bg4 Be6 17. Qf3 g6 18. Rad1 f5 19. exf5 gxf5 20. Bh3 Ra7 21. Nf4
Bxf4 22. Qxc6 Rd7 23. Rfe1 Rf6 24. g3 Bh6 25. f4 exf4 26. Nd4 Re7 27. Rxe6
Rfxe6 28. Nxe6 Rxe6 29. Bxf5 Rf6 30. Re1 Rf8 31. Re6 Qg5 32. Qxd6 Qxf5 33. Rxh6
Qb1+ 34. Kf2 fxg3+ 35. Kxg3 Qe1+ 36. Kg4 Qe4+ 37. Kg3 Rf3+ 0-1

[Event "XXV ABIERTO INTERNACIONAL DE A"]
[Site "CAMBADOS"]
[Date "2009.08.05"]
[Round "5.9"]
[White "Fernandez Vazquez, Jorge"]
[Black "Ramos Fernandez, Pedro"]
[Result "1-0"]
[WhiteElo "1850"]
[BlackElo "2122"]
[PlyCount "61"]
[EventDate "2009.08.01"]

1. d4 Nf6 2. c4 e6 3. Nc3 Bb4 4. e3 O-O 5. Bd3 c5 6. Nge2 b6 7. a3 Ba5 8. O-O
d5 9. cxd5 exd5 10. Rb1 c4 11. Bc2 Re8 12. b4 cxb3 13. Rxb3 Ba6 14. Bd3 Bc4 15.
Rb1 a6 16. Bxc4 dxc4 17. Qc2 Nc6 18. f3 b5 19. Bd2 Rc8 20. Ne4 Nxe4 21. fxe4
Bxd2 22. Qxd2 Rxe4 23. a4 Qe7 24. Nc3 Rg4 25. axb5 axb5 26. Rxb5 Nd8 27. Re5
Qd7 28. Nd5 Rb8 29. Re7 Qc6 30. Rexf7 Qd6 31. Ne7+ 1-0

[Event "XXV ABIERTO INTERNACIONAL DE A"]
[Site "CAMBADOS"]
[Date "2009.08.05"]
[Round "5.10"]
[White "Villar Perez, Samuel"]
[Black "Farto Orozco, David"]
[Result "1/2-1/2"]
[WhiteElo "2075"]
[BlackElo "1811"]
[PlyCount "108"]
[EventDate "2009.08.01"]

1. Nf3 d5 2. d4 Nf6 3. c4 Bg4 4. Ne5 Bf5 5. Qb3 b6 6. Nc3 dxc4 7. Qb5+ Bd7 8.
Qxc4 e6 9. g3 a6 10. Bg2 b5 11. Qb3 c6 12. O-O Be7 13. Rd1 O-O 14. Bg5 Ra7 15.
Rac1 Rc7 16. Bxf6 Bxf6 17. Ne4 Qe7 18. Nxf6+ Qxf6 19. Qb4 Rfc8 20. Nd3 Be8 21.
Nc5 e5 22. dxe5 Qxe5 23. Bh3 f5 24. e4 Bg6 25. Re1 Qf6 26. Rcd1 Re8 27. e5 Qf8
28. f4 Nd7 29. Nxa6 Qxb4 30. Nxb4 c5 31. Nd5 Ra7 32. a3 c4 33. Ne3 Rf8 34. Bxf5
Nxe5 35. fxe5 Bxf5 36. Nxf5 Rxf5 37. e6 Re7 38. Rd8+ Rf8 39. Rd5 Rb8 40. Ree5
Kf8 41. Rxb5 Rxb5 42. Rxb5 Rxe6 43. Kf2 Rc6 44. Rf5+ Ke7 45. Rf3 Rb6 46. Re3+
Kd6 47. Re2 Kd5 48. Rd2+ Ke4 49. Ke2 Rb3 50. Kd1 c3 51. bxc3 Rxc3 52. Rd7 Rxa3
53. Rxg7 Ra1+ 54. Ke2 Ra2+ 1/2-1/2

[Event "XXV ABIERTO INTERNACIONAL DE A"]
[Site "CAMBADOS"]
[Date "2009.08.06"]
[Round "6.1"]
[White "Gomez Garrido, Camilo"]
[Black "Guerra Mendez, Jose A"]
[Result "1/2-1/2"]
[WhiteElo "2461"]
[BlackElo "2408"]
[PlyCount "23"]
[EventDate "2009.08.01"]

1. e4 c5 2. Nf3 Nc6 3. Nc3 d6 4. d4 cxd4 5. Nxd4 Nf6 6. Bg5 e6 7. Qd2 a6 8.
O-O-O Bd7 9. f4 b5 10. Qe1 b4 11. Nxc6 Bxc6 12. Nd5 1/2-1/2

[Event "XXV ABIERTO INTERNACIONAL DE A"]
[Site "CAMBADOS"]
[Date "2009.08.06"]
[Round "6.2"]
[White "Gomez Ledo, Roberto Carlos"]
[Black "Petkov, Vladimir"]
[Result "1/2-1/2"]
[WhiteElo "2404"]
[BlackElo "2429"]
[PlyCount "84"]
[EventDate "2009.08.01"]

1. d4 Nf6 2. c4 e6 3. Nf3 d5 4. Nc3 dxc4 5. e3 a6 6. a4 c5 7. Bxc4 Nc6 8. O-O
Qc7 9. Qe2 Be7 10. Bd2 cxd4 11. exd4 O-O 12. Rad1 Bd7 13. Bg5 Rfe8 14. Ne5 Nxe5
15. dxe5 Nd5 16. Rxd5 Bxg5 17. Rd4 Bc6 18. Rfd1 Rad8 19. Rxd8 Rxd8 20. Rxd8+
Qxd8 21. Bd3 Qb6 22. g3 g6 23. Be4 Be8 24. Qc4 Bd7 25. b3 Be7 26. Bf3 Kg7 27.
Bg2 h5 28. h4 Bb4 29. Ne4 Bc6 30. Nf6 Be1 31. Qe2 Bc3 32. Bxc6 Qxc6 33. Kh2 Bd4
34. Qd2 Bxe5 35. Nxh5+ Kh7 36. Nf4 Qf3 37. Nh3 Kg7 38. Ng5 Qf5 39. Kg2 Bf6 40.
Nf3 e5 41. Qe3 Qe6 42. Ng5 Bxg5 1/2-1/2

[Event "XXV ABIERTO INTERNACIONAL DE A"]
[Site "CAMBADOS"]
[Date "2009.08.06"]
[Round "6.3"]
[White "Paredes Cordo, Jacobo"]
[Black "Fernandez Cardoso, Alexey"]
[Result "1/2-1/2"]
[WhiteElo "2241"]
[BlackElo "2419"]
[PlyCount "132"]
[EventDate "2009.08.01"]

1. e4 c5 2. Nc3 a6 3. a4 e6 4. g3 d5 5. exd5 exd5 6. Bg2 Nf6 7. d3 Bg4 8. Nge2
h6 9. h3 Bxe2 10. Qxe2+ Be7 11. O-O Nc6 12. Bf4 O-O 13. Rfe1 d4 14. Ne4 Nd5 15.
Qf3 Ncb4 16. Rac1 Nxf4 17. Qxf4 f5 18. Nxc5 Bxc5 19. Bxb7 Rb8 20. Bg2 Qd6 21.
Qf3 Kh8 22. b3 Na2 23. Ra1 Nc3 24. Qc6 f4 25. Re6 Qxc6 26. Rxc6 Bb4 27. Rxa6
Ne2+ 28. Kh2 Rbc8 29. Rb6 Ba5 30. Rb5 fxg3+ 31. fxg3 Bc7 32. Rf1 Bxg3+ 33. Kh1
Bf4 34. Re1 Rxc2 35. a5 Ng3+ 36. Kg1 Be3+ 37. Kh2 Nf1+ 38. Kh1 Rxg2 39. Rxf1
Rxf1+ 40. Kxg2 Ra1 41. b4 Bd2 42. Rb6 Kh7 43. a6 Ra3 44. b5 Bb4 45. Rc6 Ra5 46.
b6 Ra2+ 47. Kf3 Rxa6 48. b7 Rxc6 49. b8=Q Be7 50. Qe5 Rf6+ 51. Ke2 Bd6 52. Qxd4
h5 53. Qe4+ Kh6 54. d4 Bf4 55. d5 Bd6 56. Ke3 g5 57. Qe8 Bf8 58. d6 Bxd6 59.
Qh8+ Kg6 60. Qg8+ Kf5 61. Qh7+ Ke6 62. Qg8+ Kf5 63. Qh7+ Rg6 64. Qf7+ Rf6 65.
Qh7+ Ke6 66. Qg8+ Kf5 1/2-1/2

[Event "XXV ABIERTO INTERNACIONAL DE A"]
[Site "CAMBADOS"]
[Date "2009.08.06"]
[Round "6.4"]
[White "Villar Nieves, Antonio"]
[Black "Rodriguez Lopez, Rafael"]
[Result "1/2-1/2"]
[WhiteElo "2200"]
[BlackElo "2304"]
[PlyCount "130"]
[EventDate "2009.08.01"]

1. d4 d5 2. Nf3 Nf6 3. Bf4 c5 4. c3 Qb6 5. Qb3 Nc6 6. Nbd2 e6 7. e3 Be7 8. Qxb6
axb6 9. Bc7 Nd7 10. Bb5 O-O 11. O-O Bd8 12. Bd6 Re8 13. Rfd1 c4 14. b3 cxb3 $11
15. axb3 Ra5 16. Bf1 Nf6 17. h3 Bd7 18. Ne5 Be7 19. Bxe7 Nxe7 20. b4 Raa8 21.
c4 dxc4 22. Ndxc4 Ba4 23. Nxb6 Bxd1 24. Nxa8 Ned5 25. Rxd1 Rxa8 26. b5 Kf8 27.
Rc1 Ne8 28. Bd3 Nb6 29. Be4 Nd6 30. Bf3 Ra5 31. Rc7 Rxb5 32. Bxb7 Nbc4 33. Nxc4
Nxc4 34. Be4 Nd6 35. Bc2 Rb8 36. g3 Rc8 37. Rxc8+ Nxc8 38. Kf1 h5 39. e4 Nd6
40. Ke2 g6 41. f4 Ke8 42. Bd3 Nc8 43. Kf3 Nd6 44. g4 hxg4+ 45. Kxg4 Nb7 46. Kg5
Kf8 47. Kf6 Nd6 48. d5 exd5 49. exd5 Ne8+ 50. Ke5 Ke7 51. h4 f5 52. h5 gxh5 53.
Bxf5 Nd6 54. Bd3 h4 55. Bf1 Nf7+ 56. Kf5 Kd6 57. Bg2 h3 58. Bh1 h2 59. Kg4 Ke7
60. Kf5 Nh6+ 61. Kg5 Nf7+ 62. Kg4 Kf6 63. Kg3 Kf5 64. Bg2 Nd6 65. Bh3+ Ke4
1/2-1/2

[Event "XXV ABIERTO INTERNACIONAL DE A"]
[Site "CAMBADOS"]
[Date "2009.08.06"]
[Round "6.5"]
[White "Quinta, Daniel"]
[Black "Milchev, Nikolay"]
[Result "0-1"]
[WhiteElo "2088"]
[BlackElo "2351"]
[PlyCount "120"]
[EventDate "2009.08.01"]

1. e4 e5 2. Nf3 Nf6 3. Nxe5 d6 4. Nf3 Nxe4 5. Nc3 Nxc3 6. dxc3 Be7 7. Be3 O-O
8. Qd2 Nd7 9. O-O-O Nc5 10. Nd4 Re8 11. Be2 Ne4 12. Qd3 Bg5 13. f4 Bf6 14. Bf3
Nc5 15. Qd2 Qd7 16. Rhe1 Qa4 17. Kb1 Bd7 18. Bf2 Rxe1 19. Rxe1 Rb8 20. g4 Ne6
21. g5 Bxd4 22. cxd4 Nf8 23. h4 Bf5 24. Be4 Bxe4 25. Rxe4 Qb5 26. Qe2 Qf5 27.
Bg3 Ne6 28. Qe3 b5 29. b3 a5 30. Kb2 a4 31. h5 g6 32. h6 axb3 33. axb3 b4 34.
Be1 Kf8 35. d5 Qxd5 36. Rxb4 Rxb4 37. Bxb4 Ke7 38. Bc3 Kd7 39. Kc1 Qf5 40. Bd2
Qc5 41. Qxc5 Nxc5 42. Kd1 Ke6 43. Ke2 f6 44. Kf3 fxg5 45. fxg5 Kf5 46. Ba5 Ne6
47. c4 c5 48. b4 Nxg5+ 49. Ke3 cxb4 50. Bxb4 Nf7 51. Kd4 Ke6 52. Bd2 Ne5 53.
Be3 g5 54. Ke4 Nf7 55. Kd4 Kf6 56. Kd5 Nxh6 57. Bd4+ Ke7 58. Bg1 Nf5 59. Bh2 h5
60. Ke4 Ke6 0-1

[Event "XXV ABIERTO INTERNACIONAL DE A"]
[Site "CAMBADOS"]
[Date "2009.08.06"]
[Round "6.6"]
[White "Gonzalez Trigal, Jose Luis"]
[Black "Permuy Lorenzo, Carlos Javier"]
[Result "0-1"]
[WhiteElo "1999"]
[BlackElo "2297"]
[PlyCount "122"]
[EventDate "2009.08.01"]

1. d4 f5 2. g3 Nf6 3. Bg2 g6 4. Nf3 Bg7 5. O-O O-O 6. c4 d6 7. Nc3 Qe8 8. Nd5
Nxd5 9. cxd5 Qb5 10. Ng5 Qb6 11. e3 a5 12. a4 Na6 13. Ra3 Bd7 14. Ne6 Bxe6 15.
dxe6 c6 16. Rb3 Qc7 17. e4 fxe4 18. Bxe4 d5 19. Bg2 Qc8 20. Re1 Nb4 21. Bg5 Qc7
22. Qd2 Rae8 23. h4 Qb6 24. Be3 Kh8 25. Bh3 Qa6 26. Bf1 Qa7 27. Rc3 Na6 28.
Rcc1 Nc7 29. Bh3 Qb6 30. Rc5 Ra8 31. Bf4 Na6 32. Rxa5 Qxd4 33. Bf1 Kg8 34. Qc1
Qb6 35. Qd2 Qd4 36. Qc1 Qb4 37. Bd2 Qb6 38. Re2 Bd4 39. Qe1 Rf3 40. Be3 Bxe3
41. fxe3 Raf8 42. Bg2 R3f6 43. Bh3 Nb4 44. Rb5 cxb5 45. Qxb4 Qc7 46. Kg2 bxa4
47. Qxa4 Qc1 48. Kh2 Qc4 49. Qxc4 dxc4 50. Kg2 Rd8 51. Rc2 b5 52. e4 Rd3 53.
Bg4 h5 54. Be2 Re3 55. g4 hxg4 56. Bxg4 Rxe4 57. Bf3 Rxh4 58. Bc6 Rg4+ 59. Kh3
Rg5 60. Bd7 Kg7 61. Rc3 Rf8 0-1

[Event "XXV ABIERTO INTERNACIONAL DE A"]
[Site "CAMBADOS"]
[Date "2009.08.06"]
[Round "6.7"]
[White "Pena Torres, Jose Carlos"]
[Black "Fernandez Vazquez, Jorge"]
[Result "1-0"]
[WhiteElo "2111"]
[BlackElo "1850"]
[PlyCount "127"]
[EventDate "2009.08.01"]

1. e4 c6 2. d4 d5 3. Nc3 dxe4 4. Nxe4 Bf5 5. Ng3 Bg6 6. h4 h6 7. Nf3 Nd7 8. h5
Bh7 9. Bd3 Bxd3 10. Qxd3 e6 11. Bd2 Ngf6 12. O-O-O Be7 13. Ne4 O-O 14. Nxf6+
Nxf6 15. Ne5 c5 16. dxc5 Qc7 17. f4 Qxc5 18. g4 Rfd8 19. Qb3 Qd5 20. g5 Qxb3
21. axb3 hxg5 22. fxg5 Ne4 23. Be3 Bxg5 24. Bxg5 Nxg5 25. Rdg1 f6 26. h6 gxh6
27. Rxh6 fxe5 28. Rxg5+ Kf7 29. Rxe5 Rd6 30. Re1 b5 31. Rf1+ Kg7 32. Rff6 Re8
33. Rhg6+ Kh7 34. Rg1 Rd5 35. Rf7+ Kh6 36. Rxa7 e5 37. Ra6+ Kh5 38. Ra7 Kh6 39.
Ra6+ Kh5 40. Ra5 Rc8 41. Ra7 Kh6 42. Re7 b4 43. Re6+ Kh5 44. Rb6 Ra8 45. c4
bxc3 46. Kc2 cxb2 47. Kxb2 Re8 $11 {(=)} 48. Rc6 e4 49. Rc2 Kh6 50. Rh2+ Rh5
51. Rxh5+ Kxh5 52. Kc3 Rc8+ 53. Kd4 Rb8 54. Rg3 Rb4+ 55. Kc5 Rb8 56. b4 Rc8+
57. Kd4 Rb8 58. Rb3 Re8 59. Re3 Rb8 60. Kc5 Rc8+ 61. Kd5 Kg5 62. Rxe4 Kf5 63.
Re7 Rd8+ 64. Kc6 1-0

[Event "XXV ABIERTO INTERNACIONAL DE A"]
[Site "CAMBADOS"]
[Date "2009.08.06"]
[Round "6.8"]
[White "Gomez Dieguez, David"]
[Black "Sanchez Quiroga, Miguel A"]
[Result "0-1"]
[WhiteElo "1795"]
[BlackElo "2191"]
[PlyCount "74"]
[EventDate "2009.08.01"]

1. e4 c5 2. Nf3 e6 3. d4 cxd4 4. c3 Nf6 5. e5 Nd5 6. Qxd4 Nc6 7. Qe4 f5 8. exf6
Nxf6 9. Qh4 Be7 10. Bd3 d5 11. Bg5 e5 12. Bg6+ Kd7 13. Bc2 Kc7 14. O-O h6 15.
Be3 Bg4 16. Qg3 Bd6 17. Na3 a6 18. Nh4 g5 19. Nf5 Qd7 20. Nxd6 Nh5 21. Bb6+
Kxb6 22. Ndc4+ dxc4 23. Nxc4+ Kc7 24. Qe3 Rad8 25. f3 Be6 26. Rfd1 Qe7 27. Nxe5
Bd5 28. Re1 Nxe5 29. Qxe5+ Qxe5 30. Rxe5 Rhe8 31. Rae1 Rxe5 32. Rxe5 Nf4 33. c4
Bc6 34. g3 Nh3+ 35. Kg2 g4 36. Be4 Rd2+ 37. Kf1 gxf3 0-1

[Event "XXV ABIERTO INTERNACIONAL DE A"]
[Site "CAMBADOS"]
[Date "2009.08.06"]
[Round "6.9"]
[White "Bello Filgueira, Joaquin"]
[Black "Villar Perez, Samuel"]
[Result "1/2-1/2"]
[WhiteElo "1935"]
[BlackElo "2075"]
[PlyCount "68"]
[EventDate "2009.08.01"]

1. e4 c5 2. Nf3 Nc6 3. d4 cxd4 4. Nxd4 Nf6 5. Nc3 e5 6. Ndb5 d6 7. Bg5 a6 8.
Na3 b5 9. Bxf6 gxf6 10. Nd5 f5 11. Bd3 Be6 12. O-O Bxd5 13. exd5 Ne7 14. Re1
Bg7 15. c3 O-O 16. Qh5 e4 17. Bf1 Re8 18. Rad1 Rc8 19. Nc2 Rc5 20. Ne3 f4 21.
Nf5 Nxf5 22. Qxf5 Qf6 23. Qh3 Qe5 24. Rd4 f5 25. a4 Rxd5 26. axb5 axb5 27. Rb4
Kh8 28. Ra1 e3 29. fxe3 fxe3 30. Be2 h6 31. Qf3 Rc8 32. g3 Kh7 33. Ra5 Rcc5 34.
Ra7 Qf6 1/2-1/2

[Event "XXV ABIERTO INTERNACIONAL DE A"]
[Site "CAMBADOS"]
[Date "2009.08.06"]
[Round "6.10"]
[White "Campos Calvo-Sotelo, Javier"]
[Black "Chesa Chavarria, Aurelio"]
[Result "1-0"]
[WhiteElo "2046"]
[BlackElo "1906"]
[PlyCount "53"]
[EventDate "2009.08.01"]

1. d4 Nf6 2. Bg5 e6 3. e4 h6 4. Bxf6 Qxf6 5. Nc3 Bb4 6. Qd2 O-O 7. a3 Ba5 8.
Nf3 d6 9. Be2 Nc6 10. O-O a6 11. Rad1 b5 12. b4 Bb6 13. Kh1 Bb7 14. d5 Ne7 15.
dxe6 fxe6 16. Nd4 Qg6 17. f4 Rf6 18. Bf3 Bxd4 19. Qxd4 Rxf4 20. Ne2 Rf7 21. Ng3
Raf8 22. Rfe1 Rxf3 23. gxf3 Rxf3 24. Rd3 Nf5 25. Nxf5 exf5 26. Rxf3 Bxe4 27.
Rxe4 1-0

[Event "XXV ABIERTO INTERNACIONAL DE A"]
[Site "CAMBADOS"]
[Date "2009.08.07"]
[Round "7.1"]
[White "Guerra Mendez, Jose A"]
[Black "Petkov, Vladimir"]
[Result "1-0"]
[WhiteElo "2408"]
[BlackElo "2429"]
[PlyCount "91"]
[EventDate "2009.08.01"]

1. e4 e5 2. Nf3 Nc6 3. Bb5 Nf6 4. O-O Nxe4 5. d4 Nd6 6. Bxc6 dxc6 7. dxe5 Nf5
8. Qxd8+ Kxd8 9. Nc3 Ke8 10. h3 b6 11. Rd1 Be6 12. Ne2 h5 13. Nf4 Be7 14. Nxe6
fxe6 15. Bg5 c5 16. Rd3 Rd8 17. Rxd8+ Bxd8 18. Bxd8 Kxd8 19. Rd1+ Ke7 20. g3 a5
21. Kg2 a4 22. a3 b5 23. Ng5 b4 24. Ne4 c4 25. axb4 Ra8 26. Nc5 c3 27. bxc3 a3
28. Nb3 Ra4 29. Kf3 a2 30. Ra1 Ra3 31. Ke2 h4 32. g4 Nh6 33. g5 Nf5 34. Kd3 Kf7
35. Nc1 Kg6 36. Rxa2 Rxa2 37. Nxa2 Kxg5 38. Ke4 Kh5 39. Nc1 g5 40. Ne2 Ne7 41.
f3 Nd5 42. b5 Kg6 43. c4 Nb6 44. c5 Kf7 45. c6 Nd5 46. Nc1 1-0

[Event "XXV ABIERTO INTERNACIONAL DE A"]
[Site "CAMBADOS"]
[Date "2009.08.07"]
[Round "7.2"]
[White "Rodriguez Lopez, Rafael"]
[Black "Gomez Garrido, Camilo"]
[Result "1/2-1/2"]
[WhiteElo "2304"]
[BlackElo "2461"]
[PlyCount "115"]
[EventDate "2009.08.01"]

1. Nf3 c5 2. c4 Nc6 3. d4 cxd4 4. Nxd4 g6 5. e4 Bg7 6. Be3 Nf6 7. Nc3 Ng4 8.
Qxg4 Nxd4 9. Qd1 Ne6 10. Rc1 Qa5 11. Qd2 g5 12. Bd3 b6 13. O-O Bb7 14. Rfd1 Qe5
15. Bb1 d6 16. b4 Kf8 17. Nd5 Rc8 18. a4 a6 19. f3 Rg8 20. Kh1 Bf6 21. Nxf6
Qxf6 22. Bd3 Qe5 23. Ra1 Nd4 24. Ra3 a5 25. Bf1 Ne6 26. Bxb6 axb4 27. Qxb4 Ba6
28. Be3 Kg7 29. Rd5 Rb8 30. Qd2 Qb2 31. Qxb2+ Rxb2 32. Ra1 Rc2 33. Bd3 Rc3 34.
Bd2 Rb3 35. Bf1 Rgb8 36. Be1 f6 37. Kg1 Nc5 38. Bf2 Rb1 39. Rd1 Rxd1 40. Rxd1
Rb4 41. Bxc5 dxc5 42. Rd5 Bxc4 43. Rxc5 Bxf1 44. Kxf1 Rxa4 45. Rc7 Kf7 46. h3
Ra2 47. Rc8 h5 48. Kg1 h4 49. Rc7 Ke6 50. Kh2 Rd2 51. Ra7 Kd6 52. Rb7 Ra2 53.
Rb5 e6 54. Kg1 Rc2 55. Ra5 Rc7 56. Kf2 Rb7 57. Ke2 Rb2+ 58. Kf1 1/2-1/2

[Event "XXV ABIERTO INTERNACIONAL DE A"]
[Site "CAMBADOS"]
[Date "2009.08.07"]
[Round "7.3"]
[White "Fernandez Cardoso, Alexey"]
[Black "Pena Torres, Jose Carlos"]
[Result "1-0"]
[WhiteElo "2419"]
[BlackElo "2111"]
[PlyCount "79"]
[EventDate "2009.08.01"]

1. e4 e6 2. d4 d5 3. Nc3 Bb4 4. e5 c5 5. a3 Bxc3+ 6. bxc3 Ne7 7. h4 Qa5 8. Bd2
Qa4 9. h5 h6 10. Rh4 Nf5 11. Rf4 Nc6 12. Nf3 Na5 13. dxc5 Nc4 14. Nd4 Bd7 15.
Nxf5 exf5 16. Rd4 Be6 17. Bd3 Qc6 18. f4 Qxc5 19. Qe2 Qe7 20. Qf2 O-O 21. a4 b6
22. Bc1 Rfc8 23. Kf1 Rc7 24. g4 fxg4 25. Qg2 Rac8 26. f5 Nxe5 27. fxe6 fxe6 28.
Bd2 Qf7+ 29. Ke2 Nxd3 30. cxd3 Qxh5 31. Rxg4 Qe5+ 32. Kf1 Rf7+ 33. Kg1 Kh7 34.
Re1 Qf6 35. Bf4 Qxc3 36. Rxe6 Qd4+ 37. Be3 Qxd3 38. Rh4 Rf6 39. Bxh6 Rf1+ 40.
Qxf1 1-0